000
00337nam a2200145Ia 4500
008
191201s2009 xx 000 0 und d
082
_a
658.3
_b
SAF
100
_a
SAUNDERS, Anthony
245
0
_a
Financial Markets and Institutions
250
_a
Rep
260
_a
N.Delhi
_b
TMH
_c
2009
300
_a
721
650
_a
MBA
942
_2
ddc
_c
BK
999
_c
4115
_d
4115